Statistics for Super Fast Typing 1 to 100

Click here to take the quiz!

General Stats

  • This quiz has been taken 785 times
  • The average score is 48 of 100

Answer Stats

#% Correct
1
100%
2
99%
3
98%
4
97%
7
97%
8
97%
5
96%
6
96%
9
96%
10
91%
11
87%
12
87%
13
86%
14
85%
15
84%
16
83%
17
83%
18
83%
19
82%
21
82%
20
78%
22
78%
23
77%
24
74%
25
74%
26
73%
28
73%
27
72%
29
72%
31
69%
30
67%
32
67%
33
66%
34
64%
35
61%
36
61%
37
58%
38
58%
41
58%
39
56%
42
56%
43
55%
40
54%
44
53%
45
50%
48
50%
51
50%
46
48%
47
48%
49
48%
50
47%
52
44%
53
44%
54
43%
55
43%
56
40%
57
39%
58
38%
61
38%
59
37%
62
36%
60
35%
63
32%
66
32%
64
31%
65
31%
67
28%
68
25%
69
25%
71
24%
72
24%
73
23%
70
22%
77
22%
74
21%
75
19%
78
18%
76
17%
82
16%
83
15%
79
14%
81
14%
88
14%
99
14%
80
13%
84
12%
85
12%
100
11%
89
11%
91
11%
93
11%
94
11%
90
10%
92
10%
86
9%
87
9%
95
9%
96
9%
97
9%
98
9%

Score Distribution

Percentile by Number Answered

Percent of People with Each Score

Your Score History

You have not taken this quiz